Dôvody a zameranie postimplementačnej revízie IFRS 3 Podnikové kombinácie
V rokoch 2013 – 2015 realizovala IASB postimplementačnú revíziu štandardu IFRS 3 (2008). Cieľom tejto revízie bolo posúdiť, či štandard poskytuje užitočné informácie pre používateľov účtovnej závierky a posúdiť, ktoré oblasti spôsobujú problémy pri implementácii štandardu. Príspevok prezentuje dôvod...
Enregistré dans:
| Auteur principal: | |
|---|---|
| Format: | Chapitre de livre |
| Langue: | slovaque |
| Sujets: | |
| Tags: |
Pas de tags, Soyez le premier à ajouter un tag!
|
MARC
| LEADER | 00000nla a2200000 4500 | ||
|---|---|---|---|
| 001 | 0209562 | ||
| 005 | 20240502073501.4 | ||
| 041 | 0 | |a slo | |
| 044 | |a SK | ||
| 245 | 1 | 0 | |a Dôvody a zameranie postimplementačnej revízie IFRS 3 Podnikové kombinácie |c Renáta Hornická |
| 520 | |a V rokoch 2013 – 2015 realizovala IASB postimplementačnú revíziu štandardu IFRS 3 (2008). Cieľom tejto revízie bolo posúdiť, či štandard poskytuje užitočné informácie pre používateľov účtovnej závierky a posúdiť, ktoré oblasti spôsobujú problémy pri implementácii štandardu. Príspevok prezentuje dôvody postimplentačnej revízie IFRS 3, analyzuje oblasti zamerania postimplementačnej revízie IFRS 3 a poukazuje na výsledky postimplementačnej revízie IFRS 3. | ||
| 610 | 2 | 0 | |a kombinácie podnikové |
| 610 | 2 | 0 | |a IFRS |
| 610 | 2 | 0 | |a revízia |
| 100 | 1 | |a Hornická, Renáta, 1977- | |